| 000 | 00742nam a2200253Ia 4500 | ||
|---|---|---|---|
| 003 | OSt | ||
| 005 | 20220927105502.0 | ||
| 006 | a|||||r|||| 00| 0 | ||
| 007 | ta | ||
| 008 | 220926b |||||||| |||| 00| 0 eng d | ||
| 024 | _a173530 | ||
| 037 | _cReference Collections | ||
| 040 |
_aRTL _cRTL _beng |
||
| 041 |
_2eng _aeng |
||
| 082 | _a"X71.211.N87<-N86, M6" | ||
| 110 |
_aMADRAS (Govt. of-). _9372916 |
||
| 245 | 0 | _aDetailed accounts 1986-87. | |
| 260 |
_aMadras _bGovt. of Madras. _c1986 |
||
| 300 |
_a166p. _ccm. |
||
| 490 | _aBudget publication accounts no.20 | ||
| 700 |
_aMADRAS (Govt. of-). _9372917 |
||
| 942 |
_h"X71.211.N87<-N86, M6" _cCC |
||
| 999 |
_c692823 _d692823 |
||